| 000 | 00851cab a2200265 4500 | ||
|---|---|---|---|
| 001 | ABS58248 | ||
| 008 | 090401t1998 xxu||||| |||| 00| 0 eng d | ||
| 035 | _a(Sirsi) u84249 | ||
| 041 | _aeng | ||
| 100 | _aHemsley, A. | ||
| 245 | _aCommercial settlement of construction contracts | ||
| 260 | _c1998 | ||
| 350 | _a0 | ||
| 490 |
_aCSM _bChartered Surveyor Monthly _v7(5) February 1998, 40-41(2) |
||
| 520 | _aConsiders the potential problems faced by parties to a contract when settling final accounts and suggests solutions. | ||
| 650 | _aARCHITECTS | ||
| 650 | _aBUILDING SURVEYORS | ||
| 650 | _aBUILT ENVIRONMENT-BUILDING CONTRACT FORMS | ||
| 650 | _aCONTRACT ADMINISTRATION | ||
| 650 | _aFINAL ACCOUNTS | ||
| 650 | _aQUANTITY SURVEYORS | ||
| 690 | _aBUILT ENVIRONMENT-BUILDING CONTRACT FORMS | ||
| 942 | _n0 | ||
| 948 | _c16/02/1998 | ||
| 999 |
_c52938 _d52938 |
||